书目信息 |
| 题名: |
色彩与风格·塑造家居性格要素
|
|
| 作者: | lngham, 著 ;张隽 , 蒋鹏 编译 ;美家生活 编译 | |
| 分册: | ||
| 出版信息: | 北京 中国轻工业出版社 2006.04 |
|
| 页数: | 144页 | |
| 开本: | 28cm | |
| 丛书名: | 美家生活丛书 | |
| 单 册: | ||
| 中图分类: | TU238-64 | |
| 科图分类: | ||
| 主题词: | 住宅--zhu zhai--室内设计--色彩学--图集 | |
| 电子资源: | ||
| ISBN: | 7-5019-5238-8 | |
| 000 | 01159nam 2200277 450 | |
| 001 | 012006079939 | |
| 005 | 20060530094624.95 | |
| 010 | @a7-5019-5238-8@dCNY48.00 | |
| 100 | @a20060502d2006 km y0chiy0120 ea | |
| 101 | 1 | @achi@ceng |
| 102 | @aCN@b110000 | |
| 105 | @aa z 000yy | |
| 200 | 1 | @a色彩与风格·塑造家居性格要素@Ase cai yu feng ge·su zao jia ju xing ge yao su@f(美) Vicki L.lngham著@F(mei)Vicki L.lngham zhu@g美家生活, 蒋鹏, 张隽编译@Gmei jia sheng huo,jiang peng,zhang juan bian yi |
| 210 | @a北京@c中国轻工业出版社@d2006.04 | |
| 215 | @a144页@c图@d28cm | |
| 225 | 2 | @a美家生活丛书@Amei jia sheng huo cong shu |
| 330 | @a本书主要从色彩搭配着手,配以大量精美的异国家居图片,着重展示起居室、卧室、餐厅、书房等空间的家具、饰物等色彩搭配,并配以文字说明,从科学角度阐述颜色对于人类生活起居的重要性。 | |
| 410 | 0 | @12001 @a美家生活丛书 |
| 606 | 0 | @a住宅@Azhu zhai@x室内设计@x色彩学@j图集 |
| 690 | @aTU238-64@v4 | |
| 701 | A1 | @alngham,@bVicki L.@4著 |
| 702 | 0 | @a张隽@Azhang juan@4编译 |
| 702 | 0 | @a蒋鹏@Ajiang peng@4编译 |
| 712 | 02 | @a美家生活@Amei jia sheng huo@4编译 |
| 801 | 0 | @aCN@bQSSK@c20060530 |
| 905 | @a10447@dTU238-64@eM543 | |
| 色彩与风格·塑造家居性格要素/(美) Vicki L.lngham著/美家生活, 蒋鹏, 张隽编译.-北京:中国轻工业出版社,2006.04 |
| 144页:图;28cm.-(美家生活丛书) |
| ISBN 7-5019-5238-8:CNY48.00 |
| 本书主要从色彩搭配着手,配以大量精美的异国家居图片,着重展示起居室、卧室、餐厅、书房等空间的家具、饰物等色彩搭配,并配以文字说明,从科学角度阐述颜色对于人类生活起居的重要性。 |
| ● |
| 相关链接 |
|
|
|
正题名:色彩与风格·塑造家居性格要素
索取号:TU238-64/M543
 
预约/预借
| 序号 | 登录号 | 条形码 | 馆藏地/架位号 | 状态 | 备注 |
| 1 | 559571 | 205595710 | 建筑库101/101建筑库 54排3列2层/ [索取号:TU238-64/M543] | 在馆 | |
| 2 | 559572 | 205595729 | 建筑库101/101建筑库 54排3列2层/ [索取号:TU238-64/M543] | 在馆 | |
| 3 | 559573 | 205595738 | 建筑库101/101建筑库 54排3列2层/ [索取号:TU238-64/M543] | 在馆 | |
| 4 | 604113 | 206041139 | 建筑库101/101建筑库 54排3列2层/ [索取号:TU238-64/M543] | 在馆 | |
| 5 | 604114 | 206041148 | 建筑库101/101建筑库 54排3列2层/ [索取号:TU238-64/M543] | 在馆 |